José de Salamanca, Marqués de Salamanca (Record no. 79170)

MARC details
000 -LEADER
campo de control de longitud fija 00627nam a2200181 i 4500
001 - NÚMERO DE CONTROL
campo de control 79170
003 - IDENTIFICADOR DE NÚMERO DE CONTROL
campo de control ES-MaACL
005 - FECHA Y HORA DE LA ÚLTIMA TRANSACCIÓN
campo de control 20240105062953.0
007 - CAMPO FIJO DE DESCRIPCIÓN FÍSICA--INFORMACIÓN GENERAL
campo de control de longitud fija t|
008 - DATOS DE LONGITUD FIJA--INFORMACIÓN GENERAL
campo de control de longitud fija 041020s1963 sp ||||1| spa d
100 2# - ENTRADA PRINCIPAL--NOMBRE DE PERSONA
Nombre de persona Hernández Girbal, F.,
Fechas asociadas al nombre 1902-2002
9 (RLIN) 62946
245 10 - MENCIÓN DEL TÍTULO
Título José de Salamanca, Marqués de Salamanca
Resto del título : (el Montecristo español) /
Mención de responsabilidad, etc. F. Hernández Girbal.
260 ## - PUBLICACIÓN, DISTRIBUCIÓN, ETC.
Lugar de publicación, distribución, etc. Madrid :
Nombre del editor, distribuidor, etc. Lira,
Fecha de publicación, distribución, etc. 1963.
300 ## - DESCRIPCIÓN FÍSICA
Extensión 680 p., 13 lám. ;
Dimensiones 22 cm.
600 14 - PUNTO DE ACCESO ADICIONAL DE MATERIA--NOMBRE DE PERSONA
Nombre de persona Salamanca, José de Salamanca y Mayol
Títulos y otros términos asociados al nombre Marqués de (
Fechas asociadas al nombre 1811-1883)
9 (RLIN) 161888
852 ## - LOCALIZACIÓN
Ubicación ES-MaACL
Número de control de estantería C-23290
Sublocalización o colección R.51811
Holdings
Estatus retirado Estado de pérdida Estado de daño No para préstamo Biblioteca de origen Biblioteca actual Ubicación en estantería Fecha de adquisición Fuente de adquisición Total de préstamos Signatura topográfica completa Código de barras Visto por última vez Precio de reemplazo Tipo de ítem Koha
        Biblioteca del Ateneo de Madrid Biblioteca del Ateneo de Madrid Depósito 2 17/01/2008     C-23290 1082796 23/02/2023 23/02/2023 Libro impreso